00628 2200205 4500001002100000005001500021035002000036007000300056008004100059020002200100082001400122084002000136100001800156245012900174250001100303260003100314300003900345650002600384990001200410INLIS00000000001186520220615022458 a0010-0622000375ta220615 a 1 ind  a978-979-015-889-4 aR.808.068 aR.808.068 STE s0 aSteer, Dugald1 aSeri Pop-Up Junior: Hewan Peliharaan /cDugald Steer; Penerjemah, Hertriani Agustine; Editor, Kiki Sulistiyani, Rani Nuraeni aCet. 1 aJakarta :bErlangga,c2008 a12 hlm :b.ilust ;c21,5 x 27,3 cm 4aEnsiklopedia Binatang a1072524